000 00317nam a22001337a 4500
020 _a978-93-86905-52-9
082 _a894.812.3
_bARI/T
100 _aARIMBOOR,VARGHESE
245 _aTHAVALABHAGAVATHARUDE KACHERI
260 _aTHRISSUR
_bH&C PUBLISHING HOUSE
300 _a144
650 _aSTORY
_zKERALA
942 _cBK
999 _c7104
_d7104